A dictionary of dates
Αποθηκεύτηκε σε:
| Κύριος συγγραφέας: | |
|---|---|
| Μορφή: | Βιβλίο |
| Γλώσσα: | English |
| Δημοσίευση: |
Oxford :
Oxford University PRess,
1997
|
| Έκδοση: | 2nd ed., new |
| Σειρά: | Oxford paperback reference
|
| Θέματα: | |
| Ετικέτες: |
Προσθήκη ετικέτας
Δεν υπάρχουν, Καταχωρήστε ετικέτα πρώτοι!
|
MARC
| LEADER | 00000nam a2200000 i 4500 | ||
|---|---|---|---|
| 001 | 1/82738 | ||
| 008 | 990526s1997 eng d | ||
| 020 | |a 0-19-280056-6 | ||
| 035 | |l 10051162 | ||
| 040 | |a GR-MY-UA |b gre |e aacr | ||
| 041 | 0 | |a eng | |
| 082 | 0 | |a 902.02 | |
| 100 | 1 | |a Beeching, Cyril Leslie. | |
| 245 | 1 | 2 | |a A dictionary of dates / |c Cyril Leslie Beeching |
| 250 | |a 2nd ed., new | ||
| 260 | |a Oxford : |b Oxford University PRess, |c 1997 | ||
| 300 | |a viii, 342 σ.; |c 20 εκ. | ||
| 490 | 1 | |a Oxford paperback reference | |
| 504 | |a Περιέχει ευρετήριο | ||
| 650 | 0 | 0 | |a Anniversaries |x Dictionaries. |
| 650 | 0 | 0 | |a Chronology, Historical. |
| 650 | 0 | 0 | |a Calendars. |
| 830 | 0 | |a Oxford paperback reference | |
| 852 | |a INST |b LESVOS |e 19990526 |h 902.02 BEE |p 005100016077 |q 005100016077 |t REF |y 23 | ||
| 901 | |a BIBL1-1999-2 | ||
| 909 | |a Λ |b 062253 | ||
| 922 | |a 1ΕΛΗ |b 199812 |c ΚΠΣ/ΚΥΒ |d LEADER | ||
| 950 | |a 023-1998-09-14 | ||